• 首页
  • 本馆介绍
  • 公告通知
  • 最新文献
  • 馆藏检索
  • 电子资源
  • 读者导购
  • 参考咨询
  • 我的图书馆
  • 登录
  • 详细信息显示
  • 放入我的书架
  • 预约/预借图书
  • 作者相关作品
  • 分类相关作品
  • 丛书相关作品
  • 出版社相关作品

书目信息

  • 表格格式
  • 工作单格式
  • 卡片格式
题名:
数学的本性
    
 
作者: 莫里兹 编著 ;朱剑英 编译
分册:  
出版信息: 大连   大连理工大学出版社  2016.1
页数: 116页
开本: 26cm
丛书名: 数学科学文化理念传播丛书
单 册:
中图分类: O1
科图分类:
主题词: 数学--研究
电子资源:
ISBN: 978-7-5685-0151-4
000 01156oam2 2200301 450
001 0400004273
005 20171026143807.78
010    @a978-7-5685-0151-4@dCNY39.00
100    @a20160317d2016 em y0chiy50 ea
101 1  @achi@ceng
102    @aCN@b210000
105    @aa z 000yd
106    @ar
200 1  @a数学的本性@9shu xue de ben xing@b专著@dMemorabilia mathematica@f(美)莫里兹编著@g朱剑英编译@zeng
205    @a第2版
210    @a大连@c大连理工大学出版社@d2016.1
215    @a116页@c图@d26cm
225 0  @a数学科学文化理念传播丛书@e珍藏版@h第一辑@v01
300    @a卓越大学出版联盟学术出版精品工程
330    @a本书精选了385条数学家经典的名言语录,内容涵盖了从数学的本性、数学的价值、数学的教学、数学家趣事乃至数学与哲学、数学与科学等18个不同的主题。此外,本书还选编了一些数学家的小传,以使读者更好地体会及理解数学家的言行。
461  0 @12001 @a数学科学文化理念传播丛书
510 1  @aMemorabilia mathematica@zeng
606 0  @a数学@x研究
690    @aO1@v5
701  0 @c(美)@a莫里兹@9mo li zi@c(Moritz, R. E.)@4编著
702  0 @a朱剑英@9zhu jian ying@4编译
801  0 @aCN@b91MARC@c20171023
905    @b1037490-4@dO1@f5@e488=2
    
    数学的本性=Memorabilia mathematica/(美)莫里兹编著/朱剑英编译.-第2版.-大连:大连理工大学出版社,2016.1
    116页:图;26cm.-(数学科学文化理念传播丛书:珍藏版.第一辑;01)
    卓越大学出版联盟学术出版精品工程
    
    ISBN 978-7-5685-0151-4:CNY39.00
    本书精选了385条数学家经典的名言语录,内容涵盖了从数学的本性、数学的价值、数学的教学、数学家趣事乃至数学与哲学、数学与科学等18个不同的主题。此外,本书还选编了一些数学家的小传,以使读者更好地体会及理解数学家的言行。
●
相关链接 在E读中查询图书 在五车中查询图书 在当当中查询图书 在豆瓣中查询图书


正题名:数学的本性     索取号:O1/488=2         预约/预借

序号 登录号 条形码 馆藏地/架位号 状态 备注
1 1037490   210374904   第二样本阅览室/ [索取号:O1/488=2] 在馆    
2 1037491   210374913   密集书库-数信学院/ [索取号:O1/488=2] 在馆    
3 1037492   210374922   第三借阅区/ [索取号:O1/488=2] 在馆    
4 1037493   210374931   第三借阅区/ [索取号:O1/488=2] 在馆    
5 1037494   210374940   第三借阅区/ [索取号:O1/488=2] 在馆    
唐山师范学院图书馆 欢迎您!
大连网信软件有限公司© 版权所有